| 000 | 00752nam a22002411a 4500 | ||
|---|---|---|---|
| 001 | 23385 | ||
| 003 | BD-RjUL | ||
| 005 | 20211209000925.0 | ||
| 008 | 140310s1957 ii b 001 0 eng d | ||
| 035 | _a(BD-RjUL)23450 | ||
| 040 |
_aLC _beng _cLC _dABN:1 _dBD-RjUL |
||
| 041 | _aeng | ||
| 082 | 0 | 4 |
_a917.3 _bLEA V-2 1957 |
| 100 | 1 |
_aLerner, Max, _d1902-1992. _972027 |
|
| 245 | 1 | 0 |
_aAmerica as a civilization / _cMax Lerner. _nVolume Two : _pculture and personality. |
| 260 |
_aBombay : _bAllied Publishers Pvt. Ltd., _c1957. |
||
| 300 |
_axi, 463-1010 p. ; _c21 cm. |
||
| 504 | _aIncludes index. | ||
| 650 | 0 |
_aNational characteristics, American. _951807 |
|
| 651 | 0 |
_aUnited States _xCivilization. _972028 |
|
| 942 |
_2ddc _cBK |
||
| 999 |
_c23385 _d23385 |
||